NPB 日本プロ野球の個人記録 - Statistics

General Stats
  • This quiz has been taken 1,235 times
  • The average score is 28 of 79
Answer Stats
記録名 氏名 % Correct
本塁打、打点、得点、四球、出塁率、長打率、連続試合本塁打、MVP、四球(シーズン)、出塁率(シーズン) 王貞治
94%
連続試合出塁、連続打席無三振 イチロー
82%
最年長勝利、最年長登板、最年長奪三振 山本昌広
80%
三塁打、盗塁、ゴールデン/ダイヤモンドグラブ賞、盗塁(シーズン) 福本豊
79%
トリプルスリー、連続盗塁成功 山田哲人
79%
安打 張本勲
78%
連続試合フルイニング出場、連続打席無併殺 金本知憲
77%
完投、勝利、敗北、投球回、奪三振、連続イニング無失点、最年少本塁打 金田正一
77%
三冠王 落合博満
75%
登板、セーブ、連続救援登板 岩瀬仁紀
72%
本塁打(シーズン)、長打率(シーズン) ウラディミール・バレンティン
70%
二塁打 立浪和義
68%
満塁本塁打、三振 中村剛也
68%
安打(シーズン) 秋山翔吾
68%
試合、連続シーズン本塁打 谷繁元信
67%
三塁打(シーズン) 金田正泰
67%
打数、犠飛 野村克也
65%
連続奪三振、奪三振(9回) 佐々木朗希
62%
連続試合本塁打、打率(シーズン) ランディ・バース
61%
ゴールデン/ダイヤモンドグラブ賞(二塁手) 菊池涼介
57%
セーブ(シーズン) デニス・サファテ
57%
サヨナラ本塁打、死球 清原和博
56%
犠打 川相昌弘
54%
連続打席本塁打 村上宗隆
52%
得点(シーズン)、打点(シーズン) 小鶴誠
51%
登板(シーズン) 久保田智之
50%
連続勝利(投手) 田中将大
49%
連続試合出場 衣笠祥雄
48%
ホールド 宮西尚生
48%
最年少ホールド 松井裕樹
47%
暴投(シーズン)、暴投(9回) 新垣渚
45%
勝利(シーズン) 稲尾和久
40%
完封、勝利(シーズン) ヴィクトル・スタルヒン
39%
二塁打(シーズン) 谷良知
36%
犠打(シーズン) 宮本慎也
33%
打率 レロン・リー
32%
打席(シーズン) 西岡剛
32%
奪三振(シーズン) 江夏豊
32%
ホールド(シーズン) 清水昇
31%
三振(シーズン) ラルフ・ブライアント
30%
連続試合安打 高橋慶彦
29%
連続敗北(投手) 権藤正利
28%
代打安打(シーズン) 真中満
26%
死球(シーズン) グレッグ・ラロッカ
26%
サイクルヒット ロバート・ローズ
25%
連続打席三振(野手) 佐藤直樹
25%
連続完投勝利 斎藤雅樹
24%
打席(イニング) 大松尚逸
22%
与四球(9回) 野茂英雄
21%
最年長セーブ 斎藤隆
20%
暴投 村田兆治
19%
盗塁死(イニング) 中島裕之
19%
連続打席出塁 廣瀬純
19%
防御率、防御率(シーズン) 藤本英雄
17%
奪三振(9回) 野田浩司
15%
打数(シーズン) 広瀬叔功
12%
代打本塁打 高井保弘
11%
投球回(シーズン) 林安夫
8%
犠飛(シーズン) 大杉勝男
7%
完投(シーズン) 別所昭
7%
最年少セーブ 川崎憲次郎
7%
ゴールデン/ダイヤモンドグラブ賞(遊撃手) 山下大輔
6%
安打(9回) 大下弘
6%
連続打席二塁打 牧秀悟
6%
連続打席三振 ドミンゴ・グスマン
6%
最年長安打、最年長打点、最年長盗塁 浜崎真二
5%
連続打席三振(野手) 土谷鉄平
4%
投球数(イニング) 吉野誠
3%
連続先発登板 山内新一
3%
連続打席三振(野手) 鵜飼航丞
3%
最年長本塁打 岩本義行
3%
代打安打 宮川孝雄
2%
打点(9回) 飯島滋弥
2%
連続打席四球 松永浩美
2%
最年少安打、最年少登板 西澤道夫
2%
敗北(シーズン) 中山正嘉
1%
連続打席安打 ロバート・レイノルズ
1%
最年少盗塁 森本清三
1%
最年少先発 古沢憲司
1%
No matching quizzes found
Score Distribution
Percent of People with Each Score
Percentile by Number Answered
Your Score History
You have not taken this quiz